Top teammates (Country) - C. Ronaldo - Statistics

General Stats
  • This quiz has been taken 36 times
  • The average score is 3 of 10
Answer Stats
Place Player % Correct
2 Pepe
88%
4 Luis Nani
65%
8 Bruno Fernandes
41%
3 Rui Patricio
32%
6 Bernardo Silva
29%
7 Ricardo Carvalho
24%
10 Deco
21%
1 Joao Moutinho
21%
5 Bruno Alves
18%
9 Raul Meireles
9%
No matching quizzes found
Score Distribution
Percent of People with Each Score
Percentile by Number Answered
Your Score History
You have not taken this quiz